000 01299nam0a22003011 4500
001 v19\rc\1889362
005 20251118180357.2
035 _a(NLR Aleph) 004977131
090 _a6146227
_c6146227
100 _a20080221d1910 |||y0rusy50 ca
101 0 _arus
102 _aRU
105 _aa z |||||
200 1 _aОсновной русский уклад, [конституированный нашими завоевателями монголами и отрицаемый ныне смиренными Россией насильниками]
_fГ.А. Шечков
210 _aХарьков
_cтип. журн. "Мирный труд"
_d1910
215 _a[2], 82 с.
_cил.
_d23
532 1 3 _aОсновной русский уклад, конституированный нашими завоевателями монголами и отрицаемый ныне смиренными Россией насильниками
700 1 _aШечков
_bГ. А.
_f1856-
_gГеоргий Алексеевич
801 0 _aRU
_bNLR
_gpsbo
801 0 _aRU
_bRuMoRGB
_2psbo
801 1 _aRU
_bProSoft-M
_2rusmarc
852 _aNLR
_j20.94.8.68
899 _aRuMoRGB
_jF 59/310
899 _aRuMoRGB
_jF 100/213
899 _aRuMoRGB
_jF 59/302
899 _aБАН
942 _cBOOK
980 _aNB